Guess the random Taylor Swift Song Lyrics 133 - Statistics

General Stats
  • This quiz has been taken 21 times
  • The average score is 325 of 410
Answer Stats
Answer % Correct
I
100%
you
100%
your
100%
you're
100%
A
95%
a
95%
and
95%
And
95%
do
95%
Do
95%
I'm
95%
of
95%
on
95%
that
95%
That
95%
the
95%
But
89%
Did
89%
did
89%
Have
89%
have
89%
in
89%
it
89%
It
89%
just
89%
my
89%
they
89%
to
89%
was
89%
We
89%
When
89%
who
89%
Can
84%
could
84%
don't
84%
ever
84%
It's
84%
know
84%
like
84%
night
84%
not
84%
Then
84%
too
84%
were
84%
By
79%
for
79%
friends
79%
her
79%
one
79%
question
79%
say
79%
what
79%
wish
79%
With
79%
with
79%
you'd
79%
15
74%
after
74%
all
74%
ask
74%
crowded
74%
every
74%
fun
74%
had
74%
kiss
74%
Making
74%
middle
74%
much
74%
room
74%
said
74%
second
74%
she
74%
She
74%
single
74%
some
74%
someone
74%
up
74%
another
68%
'Cause
68%
clapping
68%
fight
68%
going
68%
later
68%
leave
68%
more
68%
put
68%
remember
68%
seconds
68%
still
68%
thing
68%
time
68%
before
63%
Does
63%
house
63%
I've
63%
saw
63%
touch
63%
way
63%
Big
58%
sad
58%
something
58%
That's
58%
that's
58%
wrong
58%
boy
53%
city
53%
color
53%
drink
53%
feel
53%
girl
53%
Good
53%
Got
53%
guy
53%
may
53%
mind
53%
out
53%
searched
53%
swear
53%
choices
47%
heard
47%
right
47%
since
47%
sure
47%
tonight
47%
what's
47%
away
42%
circumstances
42%
conversation
42%
explanations
42%
eyes
42%
gender
42%
Half-
42%
Meteor
42%
nights
42%
Painted
42%
politics
42%
roles
42%
situations
42%
strike
42%
bad
37%
best
37%
everything's
37%
Miscommunications
37%
nice
37%
realize
37%
suitable
37%
surprise
37%
swept
37%
moon
32%
gray
26%
Lost
26%
meathead
16%
Caught
11%
No matching quizzes found
Score Distribution
Percent of People with Each Score
Percentile by Number Answered
Your Score History
You have not taken this quiz